J Cole Mixtape Quiz - Statistics

General Stats
  • This quiz has been taken 15 times
  • The average score is 5 of 10
Answer Stats
Hint Answer % Correct
Reminiscing about highschool School Daze
100%
A song for the haters Blow Up
88%
A slutty bitch was his first smash? Too Deep For The Intro
88%
"I seen Heaven, seen Hell, the two faces of the Ville" 2Face
50%
She bald like an eagle Back To The Topic Freestyle
50%
Beat from Lil Kim's "Came Back For You" College Boy
25%
Intimate relationship with a girl who has a man Split You Up
25%
(Inspirational song) Main themes: the struggles of life, getting by I Get Up
13%
"We looking for them..." Ladies
13%
An album is ten dollars, not ten Gs The Autograpf
13%
No matching quizzes found
Score Distribution
Percent of People with Each Score
Percentile by Number Answered
Your Score History
You have not taken this quiz